1360 1529 1885 1455 1305 1993 1202 1557 1686 1165 1249 1276 1237 1339 1486 1880 1412 1091 1411 1640 1381 1085 1960 1163 1723 1620 1543 1372 1583 1899 1597 1915 1187 1306 1553 1314 1579 1518 1041 1184 1009 1737 1701 1332 1821 1352 1008 1427 1272 1794 1680 1760 1508 1798 1959 1314 1786 1521 1160 1769 1083 1399 1387 1287 1560 1485 1189 1499 1522 1247 1277 1449 1612 1549 1823 1753 1438 1999 1979 1484 1367 1779 1213 1253 1574 1216 1060 1915 1635 1445 1781 1364 1350 1043 1649 1869 1497 1572 1925 BCNSPRNW ULIB Ver.6.0+V

เปลี่ยนเป็นภาษาไทย

Change to English
 แสดงรายละเอียดบรรณานุกรม
  กลับหน้าหลัก

Brief Record : Get Marc (ISO 2709) : E-mail record : QR code < ปิดหน้าต่าง
LEADER : 00000nam 2200000uu 4500
001    13399123783
003     ULIB
008    120904s2557||||th 000 0 tha d
020    ^a9742911525(ล.2)
020    ^a9789742911522
060 04 ^aWY150^bค127ก ล.2
110 2  ^aกระทรวงสาธารณสุข. ^bสถาบันพระบรมราชชนก.^bโครงการสวัสดิการวิชาการ
245 10 ^aการพยาบาลผู้ใหญ่และผู้สูงอายุ เล่ม 2 /^cสถาบันพระบรมราชชนกกระทรวงสาธารณสุข
250    ^aพิมพ์ครั้งที่ 12
260    ^aนนทบุรี :^bโครงการสวัสดิการวิชาการ สถาบันพระบรมราชชนกกระทรวงสาธารณสุข,^c2557
300    ^a[12], 604 หน้า :^bภาพประกอบ ;^c26 ซม.
650  2 ^aGeriatric Nursing
650  7 ^aการพยาบาลผู้สูงอายุ
650  7 ^aการพยาบาลเวชศาสตร์วัยชรา
650  7 ^aต่อมไร้ท่อ
650  7 ^aผู้สูงอายุ
650  7 ^aหัวใจร่วมหลอดเลือด, ระบบ
945    ^p250^l0^i22031
945    ^p250^l0^i22032
945    ^p250^l0^i22033
945    ^p250^l0^i22034
945    ^p250^l0^i22035
945    ^p250^l0^i22036
945    ^p250^l0^i22037
945    ^p250^l0^i22038
945    ^p250^l0^i22039
945    ^p250^l0^i22040
995    ทศพร
999 ^a ใช้งานได้ทุกระบบ
รายการนี้ยังไม่มีแท็ก
คุณยังไม่ได้ล็อกอิน คุณสามารถมีกิจกรรมร่วมกับเว็บไซต์ได้ แต่ต้องล็อกอินก่อน ::
  ล็อกอิน

รายการสื่อสารสนเทศ

ลำดับที่ ประเภท เลขเรียก/บาร์โค้ด สถานที่ สถานะ
1. Book การพยาบาล
Book การพยาบาล
สถานะ=หนังสือเก่า
WY150 ค127ก ล.2 ฉ.1 
  Barcode: 22031
ห้องสมุดวิทยาเขตนครสวรรค์
►ส่วนจัดเก็บหนังสือเก่า นว.
บนชั้น
  ขอยืม
2. Book การพยาบาล
Book การพยาบาล
สถานะ=หนังสือเก่า
WY150 ค127ก ล.2 ฉ.10 
  Barcode: 22040
ห้องสมุดวิทยาเขตนครสวรรค์
►ส่วนจัดเก็บหนังสือเก่า นว.
บนชั้น
  ขอยืม
3. Book การพยาบาล
Book การพยาบาล
สถานะ=หนังสือเก่า
WY150 ค127ก ล.2 ฉ.2 
  Barcode: 22032
ห้องสมุดวิทยาเขตนครสวรรค์
►ส่วนจัดเก็บหนังสือเก่า นว.
บนชั้น
  ขอยืม
4. Book การพยาบาล
Book การพยาบาล
สถานะ=หนังสือเก่า
WY150 ค127ก ล.2 ฉ.3 
  Barcode: 22033
ห้องสมุดวิทยาเขตนครสวรรค์
►ส่วนจัดเก็บหนังสือเก่า นว.
บนชั้น
  ขอยืม
5. Book การพยาบาล
Book การพยาบาล
สถานะ=หนังสือเก่า
WY150 ค127ก ล.2 ฉ.4 
  Barcode: 22034
ห้องสมุดวิทยาเขตนครสวรรค์
►ส่วนจัดเก็บหนังสือเก่า นว.
บนชั้น
  ขอยืม
6. Book การพยาบาล
Book การพยาบาล
WY150 ค127ก ล.2 ฉ.5 
  Barcode: 22035
ห้องสมุดวิทยาเขตนครสวรรค์
►หนังสือทั่วไป:l:General Books
ถูกยืม กำหนดส่งวันที่ 4 สิงหาคม 2568
  จอง
7. Book การพยาบาล
Book การพยาบาล
สถานะ=หนังสือเก่า
WY150 ค127ก ล.2 ฉ.6 
  Barcode: 22036
ห้องสมุดวิทยาเขตนครสวรรค์
►ส่วนจัดเก็บหนังสือเก่า นว.
บนชั้น
  ขอยืม
8. Book การพยาบาล
Book การพยาบาล
สถานะ=หนังสือเก่า
WY150 ค127ก ล.2 ฉ.7 
  Barcode: 22037
ห้องสมุดวิทยาเขตนครสวรรค์
►ส่วนจัดเก็บหนังสือเก่า นว.
บนชั้น
  ขอยืม
9. Book การพยาบาล
Book การพยาบาล
สถานะ=หนังสือเก่า
WY150 ค127ก ล.2 ฉ.8 
  Barcode: 22038
ห้องสมุดวิทยาเขตนครสวรรค์
►ส่วนจัดเก็บหนังสือเก่า นว.
บนชั้น
  ขอยืม
10. Book การพยาบาล
Book การพยาบาล
สถานะ=หนังสือเก่า
WY150 ค127ก ล.2 ฉ.9 
  Barcode: 22039
ห้องสมุดวิทยาเขตนครสวรรค์
►ส่วนจัดเก็บหนังสือเก่า นว.
บนชั้น
  ขอยืม

รายการใกล้เคียง
    หัวเรื่อง [Geriatric Nursing]
    หัวเรื่อง [การพยาบาลผู้สูงอายุ]
    หัวเรื่อง [การพยาบาลเวชศาสตร์วัยชรา]
    หัวเรื่อง [ต่อมไร้ท่อ]
    หัวเรื่อง [ผู้สูงอายุ]
    หัวเรื่อง [หัวใจร่วมหลอดเลือด, ระบบ]

BibComment


ยังไม่เคยถูกคอมเมนท์

คอมเมนท์ทรัพยากรรายการนี้
  คอมเมนท์: การพยาบาลผู้ใหญ่..


 Copyright 2026. Bcnsprnw @Library